000 00746nam a2200217Ii 4500
003 JO-AjNU
008 230605s9999||||xx |||||||||||||| ||und||
017 _a1982/1475
040 _aJO-AjNU
_bara
_erda
_cJO-AjNU
041 _aara
050 1 4 _aHD9566.1982
100 3 _aعبدالكريم،تايه,
_eauthor
_99413
245 0 0 _aاحاديث في السياسة النفطية
264 3 1 _aبغداد:وزارة الثقافة والاعلام،دار الرشيد،1982
300 _a155ص
_bيحتوي على ملحق احصائي من ص149-ص155
336 _atext
_btxt
_2rdacontent
337 _aunmediated
_bn
_2rdamedia
338 _avolume
_bnc
_2rdacarrier
490 0 _aسلسلة دراسات؛335
650 4 _aالنفط
_99414
999 _aA1288
_c4856
_d4856